=LDR 00000nam 2200000 4500 =001 INLIS000000000052857 =005 20180309080346 =035 ##$$a 0010-0318000084 =007 ta =008 180309###########################0###### =020 ##$$a 978-979-22-5494-5 =082 ##$$a 899.221 3 =084 ##$$a 899.221 3 DAM o =100 #$$a Damien Dematra =245 1#$$a Obama anak Menteng /$c Damien Dematra =260 ##$$a Jakarta :$b Gramedia Pustaka Utama,$c 2010 =300 ##$$a 204 hlm : $b ilus ; $c 22 cm =650 ##$$a fiksi indonesia =700 #$$a Mirna Yulistiati =990 ##$$a 55005500 =990 ##$$a 55005500 =990 ##$$a 55005500 =990 ##$$a 21710938 =990 ##$$a 01201805500 =990 ##$$a 01201805501 =990 ##$$a 21710939 =990 ##$$a 01201805500 =990 ##$$a 21710938 =990 ##$$a 21710940 =990 ##$$a 21710939 =990 ##$$a 21710938 =990 ##$$a 21710940 =990 ##$$a 21710939 =990 ##$$a 21710938